000 00586nam a2200241Ia 4500
005 20250425162455.0
008 250425s9999 xx 000 0 und d
020 _a9701033566
041 _aspa
082 _a657.450 285
100 _aECHENIQUE GARCIA, JOSE ANTONIO
245 0 _aAUDITORIA EN INFORMATICA
250 _a2A ED.
260 _aMEXICO
260 _aMéxico
_bMCGRAW-HILL
_c2001
300 _a300
650 _aAUDITORIA INFORMATICA
650 _aEVALUACION
650 _aPLANEACION
650 _aSISTEMAS DE INFORMACION
942 _c01
010 _a76541
999 _c229987
_d229987